[Event "Bergamo op 15th"]
[Site "Bergamo"]
[Date "2016.07.15"]
[Round "2"]
[White "Molina, Fabrizio"]
[Black "Pesiri, Rossano"]
[Result "1-0"]
[WhiteElo "2210"]
[BlackElo "1976"]
[PlyCount "57"]
[EventDate "2016.07.15"]
[EventType "swiss"]
[EventRounds "9"]
[EventCountry "ITA"]
[SourceTitle "EXT 2017"]
[Source "ChessBase"]
[SourceDate "2016.10.25"]
[SourceVersion "1"]
[SourceVersionDate "2016.10.25"]
[SourceQuality "1"]

1. d4 Nf6 2. Nf3 g6 3. Bg5 Bg7 4. Nbd2 d5 5. e3 0-0 6. Be2 b6 7. 0-0 Bb7 8. h3 Ne4 9. Nxe4 dxe4 10. Nd2 h6 11. Bf4 Nd7 12. c3 e5 13. Bg3 Qe7 14. Qa4 f5 15. Qc4+ Qf7 16. Qxc7 Bd5 17. Bb5 Rfd8 18. Ba6 g5 19. c4 f4 20. cxd5 fxg3 21. d6 Qe8 22. Qc4+ Kh8 23. d5 Nc5 24. Nxe4 Nxa6 25. Qxa6 Qg6 26. Nxg3 Rxd6 27. e4 h5 28. Rac1 g4 29. Rc8+ 1-0

[Event "Lucca op 27th"]
[Site "Lucca"]
[Date "2015.06.12"]
[Round "1"]
[White "Pesiri, Rossano"]
[Black "Lalic, Bogdan"]
[Result "0-1"]
[WhiteElo "1997"]
[BlackElo "2483"]
[PlyCount "48"]
[EventDate "2015.06.12"]
[EventType "swiss"]
[EventRounds "5"]
[EventCountry "ITA"]
[SourceTitle "EXT 2016"]
[Source "ChessBase"]
[SourceDate "2015.10.08"]
[SourceVersion "1"]
[SourceVersionDate "2015.10.08"]
[SourceQuality "1"]

1. d4 e6 2. c4 Nf6 3. Nc3 Bb4 4. a3 Bxc3+ 5. bxc3 c5 6. e3 b6 7. Bd3 Nc6 8. Ne2 0-0 9. e4 Ne8 10. 0-0 Ba6 11. f4 f5 12. Be3 fxe4 13. Bxe4 Nd6 14. Bxc6 dxc6 15. dxc5 Nxc4 16. Bd4 Qd5 17. Bf2 bxc5 18. Qxd5 exd5 19. Bxc5 Rfe8 20. Ng3 Nb2 21. Rfe1 Rxe1+ 22. Rxe1 Nd3 23. Re6 Nxc5 24. Rxc6 Rc8 0-1

[Event "Terre degli Elimi op 4th"]
[Site "Erice"]
[Date "2013.07.28"]
[Round "7"]
[White "Spinella, Andrea"]
[Black "Pesiri, Rossano"]
[Result "1-0"]
[WhiteElo "1808"]
[BlackElo "1952"]
[PlyCount "59"]
[EventDate "2013.07.24"]
[EventType "swiss"]
[EventRounds "7"]
[EventCountry "ITA"]
[SourceTitle "EXT 2015"]
[Source "ChessBase"]
[SourceDate "2014.11.20"]
[SourceVersion "1"]
[SourceVersionDate "2014.11.20"]
[SourceQuality "1"]

1. e4 c5 2. Nf3 g6 3. c3 Bg7 4. Bc4 Nc6 5. 0-0 d6 6. Re1 Nf6 7. h3 0-0 8. d3 Rb8 9. a4 a6 10. Nh2 b5 11. Ba2 b4 12. Nd2 bxc3 13. bxc3 Nh5 14. g4 Bxc3 15. gxh5 Bxa1 16. hxg6 hxg6 17. Ng4 Ne5 18. Nh6+ Kg7 19. Nb3 Bc3 20. f4 Bxe1 21. fxe5 Bc3 22. Qf3 Be6 23. d4 cxd4 24. Qf4 Rh8 25. Nc5 Bxa2 26. e6 f6 27. Nf5+ gxf5 28. Qg3+ Kf8 29. Qg6 Rh7 30. Bh6+ 1-0

[Event "Terre degli Elimi op 4th"]
[Site "Erice"]
[Date "2013.07.25"]
[Round "2"]
[White "Pesiri, Rossano"]
[Black "Van den Berg, Bram"]
[Result "1/2-1/2"]
[WhiteElo "1952"]
[BlackElo "2231"]
[PlyCount "81"]
[EventDate "2013.07.24"]
[EventType "swiss"]
[EventRounds "7"]
[EventCountry "ITA"]
[SourceTitle "EXT 2015"]
[Source "ChessBase"]
[SourceDate "2014.11.20"]
[SourceVersion "1"]
[SourceVersionDate "2014.11.20"]
[SourceQuality "1"]

1. d4 Nf6 2. c4 e5 3. dxe5 Ne4 4. a3 b6 5. Nf3 Bb7 6. Nbd2 Nc5 7. b4 Ne6 8. Qc2 a5 9. b5 Nc5 10. g3 g6 11. Bb2 Bg7 12. Bg2 0-0 13. 0-0 d5 14. exd6 Qxd6 15. Bxg7 Kxg7 16. Rad1 Qe7 17. Nd4 Bxg2 18. Kxg2 Qf6 19. Ne4 Qe7 20. Nxc5 bxc5 21. Nb3 a4 22. Nc1 c6 23. Na2 cxb5 24. Qc3+ Kg8 25. cxb5 Qxe2 26. Qf3 Qxb5 27. Qxa8 Nc6 28. Nc3 Qxf1+ 29. Kxf1 Rxa8 30. Rd5 Ra5 31. Ne4 c4 32. Rxa5 Nxa5 33. Nc3 Nb3 34. Nxa4 Nd2+ 35. Ke2 Nb1 36. Ke3 Nxa3 37. Kd4 Kg7 38. Nb2 Kf6 39. Nxc4 Nxc4 40. Kxc4 Kf5 41. f3 1/2-1/2

[Event "Cuneo Province-ch"]
[Site "Cuneo"]
[Date "2013.03.03"]
[Round "5"]
[White "Pesiri, Rossano"]
[Black "Gastaldi, Franco"]
[Result "1-0"]
[WhiteElo "1961"]
[BlackElo "1780"]
[PlyCount "91"]
[EventDate "2013.03.01"]
[EventType "swiss"]
[EventRounds "5"]
[EventCountry "ITA"]
[SourceTitle "EXT 2014"]
[Source "ChessBase"]
[SourceDate "2013.11.20"]
[SourceVersion "1"]
[SourceVersionDate "2013.11.20"]
[SourceQuality "1"]

1. d4 d5 2. c4 e5 3. dxe5 d4 4. Nf3 Nc6 5. a3 Nge7 6. b3 Ng6 7. Bb2 Ngxe5 8. Nxe5 Nxe5 9. Qxd4 Qxd4 10. Bxd4 Nc6 11. Bc3 Bf5 12. Nd2 0-0-0 13. Nf3 f6 14. e3 Bd3 15. Nd4 Nxd4 16. Bxd4 Bxf1 17. Kxf1 c5 18. Bc3 Rd3 19. Rc1 Be7 20. Ke2 Rhd8 21. Rhd1 Rxd1 22. Rxd1 Rxd1 23. Kxd1 Kd7 24. Ke2 Bd6 25. Kf3 Ke6 26. h4 g6 27. Kg4 h6 28. e4 h5+ 29. Kf3 a6 30. Ke3 f5 31. Bg7 b5 32. a4 bxa4 33. bxa4 Be7 34. g3 Kf7 35. Bh6 Ke6 36. Kf4 fxe4 37. Kxe4 Bf6 38. Bg5 Bd4 39. Be3 Bxe3 40. fxe3 a5 41. Kf4 Kf6 42. e4 Ke6 43. e5 Kf7 44. Kg5 Ke6 45. Kxg6 Kxe5 46. Kxh5 1-0

[Event "Nichelino op 11th"]
[Site "Nichelino"]
[Date "2010.10.01"]
[Round "2"]
[White "Pesiri, Rossano"]
[Black "Damia, Angelo"]
[Result "0-1"]
[WhiteElo "1960"]
[BlackElo "2287"]
[PlyCount "60"]
[EventDate "2010.09.30"]
[EventType "swiss"]
[EventRounds "6"]
[EventCountry "ITA"]
[SourceTitle "EXT 2024"]
[Source "ChessBase"]
[SourceDate "2023.10.10"]
[SourceVersion "1"]
[SourceVersionDate "2023.10.10"]
[SourceQuality "1"]

1. d4 c5 2. d5 Nf6 3. c4 a6 4. Nc3 b5 5. cxb5 axb5 6. Nxb5 d6 7. f3 g6 8. e4 Bg7 9. Bd3 0-0 10. Ne2 Ba6 11. a4 Nfd7 12. f4 Nb6 13. Nec3 N8d7 14. Be3 c4 15. Be2 Bxb5 16. axb5 Rxa1 17. Qxa1 Qc7 18. 0-0 Nc5 19. Qa3 Ra8 20. Qb4 Nd3 21. Bxd3 cxd3 22. Rd1 Qc4 23. Qxc4 Nxc4 24. Rxd3 Nxb2 25. Rd4 Bxd4 26. Bxd4 Na4 27. Kf2 Nxc3 28. Bxc3 Rb8 29. Bd4 Rxb5 30. Kf3 f5 0-1

[Event "Nichelino op 11th"]
[Site "Nichelino"]
[Date "2010.09.30"]
[Round "1"]
[White "Ravazzolo, Gaia"]
[Black "Pesiri, Rossano"]
[Result "0-1"]
[WhiteElo "1722"]
[BlackElo "1960"]
[PlyCount "80"]
[EventDate "2010.09.30"]
[EventType "swiss"]
[EventRounds "6"]
[EventCountry "ITA"]
[SourceTitle "EXT 2024"]
[Source "ChessBase"]
[SourceDate "2023.10.10"]
[SourceVersion "1"]
[SourceVersionDate "2023.10.10"]
[SourceQuality "1"]

1. d4 d5 2. Nf3 Nf6 3. c4 c6 4. Nc3 e6 5. cxd5 exd5 6. Qc2 Bd6 7. Bg5 0-0 8. e3 Bg4 9. Ne5 Bh5 10. Bd3 Bg6 11. Nxg6 fxg6 12. Ne2 Qa5+ 13. Nc3 Na6 14. 0-0 Nb4 15. Qd2 Nxd3 16. Qxd3 Ne4 17. Nxe4 dxe4 18. Qxe4 Rae8 19. Qg4 h5 20. Qd7 Bxh2+ 21. Kxh2 Qxg5 22. Rac1 Re7 23. Qd6 Ref7 24. Kg1 h4 25. Rc5 Qg4 26. Qh2 Rxf2 27. Rcc1 Qe2 28. Rxf2 Qxf2+ 29. Kh1 Qxe3 30. Rd1 Qe2 31. Rb1 Rf1+ 32. Rxf1 Qxf1+ 33. Qg1 Qxg1+ 34. Kxg1 g5 35. g4 Kf7 36. Kf2 Ke6 37. Kf3 Kd5 38. Ke3 a5 39. b3 b5 40. a4 g6 0-1

[Event "Pinerolo op"]
[Site "Pinerolo"]
[Date "2009.11.15"]
[Round "5"]
[White "Pesiri, Rossano"]
[Black "Sotgia, Cosimo"]
[Result "1-0"]
[WhiteElo "1497"]
[BlackElo "1874"]
[PlyCount "71"]
[EventDate "2009.11.13"]
[EventType "swiss"]
[EventRounds "5"]
[EventCountry "ITA"]
[SourceTitle "EXT 2012"]
[Source "ChessBase"]
[SourceDate "2011.11.24"]
[SourceVersion "1"]
[SourceVersionDate "2011.11.24"]
[SourceQuality "1"]

1. d4 c5 2. d5 Nf6 3. c4 b5 4. cxb5 a6 5. f3 axb5 6. e4 Qa5+ 7. Bd2 Qb6 8. Qb3 b4 9. e5 Ng8 10. Na3 Ba6 11. Nc4 Bxc4 12. Bxc4 d6 13. f4 Nh6 14. Nf3 g6 15. h3 Bg7 16. Kf2 0-0 17. a3 Na6 18. Bxa6 Rxa6 19. axb4 Rxa1 20. Rxa1 Nf5 21. Ke1 dxe5 22. fxe5 Rb8 23. Ra4 Ng3 24. Qc4 cxb4 25. Rxb4 Qa7 26. Rxb8+ Qxb8 27. Bc3 h6 28. Kf2 Nf5 29. Qc5 Qb3 30. Nd2 Qc2 31. g4 Nh4 32. Qxe7 g5 33. Qe8+ Bf8 34. e6 Qg6 35. e7 Qa6 36. exf8Q+ 1-0